000 01283namaa22003131i 4500
005 20260630130917.0
008 260614s1994 ua a|||frm||| 000 0 eng d
040 _aEG-GICUC
_beng
_cEG-GICUC
_dEG-GICUC
_erda
041 0 _aeng
_beng
_bara
049 _aDeposit
097 _aPh.D
099 _aCai01.17.04.Ph.D.1994.Sh.S.
100 0 _aShadia Raid EL Guindy,
_epreparation.
245 1 0 _aA Study Of The Effects Of A Teaching Program Delivered To Lactating Mothers /
_cBy Shadia Raid EL Guindy; Supervisors Prof.Dr. Rashad Sakr, Prof.Dr. Cheherezade Ghazi.
246 1 5 _aدراسة تأثير اعطاء برنامج تعليمي للأمهات المرضعات
264 0 _c1994.
300 _a217 Leaves :
_billustrations ;
_c30 cm. +
336 _2rda content
_atext
337 _2rdamedia
_aUnmediated
338 _2rdacarrier
_avolume
502 _aThesis (Ph.D)-Cairo University, 1994.
504 _aBibliography: pages 189-217.
653 0 _aNursing Science
700 0 _aRashad Sakr
_ethesis advisor.
700 0 _aCheherezade Ghazi
_ethesis advisor.
900 _DDepartment of Pediatric Nursing
_FFaculty of Institute Of Nursing
_UCairo University
_b1994
_cRashad Sakr
_cCheherezade Ghazi
905 _aEman El gebaly
_eNourhan
942 _2ddc
_cTH
_e21
_n0
999 _c180530